Manual de donatarias y su regulacin̤

Detalles Bibliográficos
Autor principal: Palombo Balas, Isaac
Formato: eBook
Lenguaje:español
Publicado: Mx̌ico D.F. : Instituto Mexicano de Contadores Pb︢licos, 2012
Materias:
Acceso en línea:http://www.vlex.com/source/7128

MARC

LEADER 00000nam a22000007a 4500
005 20130225190106.0
007 cr|||| ||||
008 130225e2012 mx |||||s|||| 00||0 spa d
020 |a 978-607-7621-23-2 
035 |a 7128 
040 |a vLex 
090 |c 3762  |d 3762 
100 1 0 |a Palombo Balas, Isaac  
245 1 0 |a Manual de donatarias y su regulacin̤  |h [Recurso electrn̤ico] 
256 |a Servicio en ln̕ea 
260 |a Mx̌ico D.F. :  |b Instituto Mexicano de Contadores Pb︢licos,   |c 2012  
300 |a 1 Recurso electrn̤ico 
650 0 4 |a Derecho tributario  |z Mx̌ico 
740 |a vLex Libros (Servicio en ln̕ea) 
856 |a Acceso restringido  |u http://www.vlex.com/source/7128 
942 |c BOOK 
999 0 |a Taxation